Sports Quiz

Random Sports or NFL Quiz

NFL Relocation Blitz Quiz Stats

Quiz Updated Nov 30, 2017

Also try: NFL Blitz
Challenge
Share
Tweet
Embed
Score 0/17 Timer 01:30
4 Plays Today
% Correct
Colts
84.4%
Chargers
78.7%
Redskins
78.5%
Raiders
73.1%
Cardinals
72.6%
Rams
71.1%
Raiders
67.9%
Raiders
67.2%
Rams
65.4%
% Correct
Rams
65%
Browns
63.9%
Cardinals
63.7%
Chargers
60%
Oilers
59.1%
Texans
45.1%
Spartans
43.1%
Staleys
40.5%

You're not logged in!

Compare scores with friends on all Sporcle quizzes.
Join for Free
OR
Log In

You Might Also Like...

Show Comments

Extras

Top Quizzes Today


Score Distribution

Your Account Isn't Verified!

In order to create a playlist on Sporcle, you need to verify the email address you used during registration. Go to your Sporcle Settings to finish the process.

Report this User

Report this user for behavior that violates our Community Guidelines.

Details: